000 00513nam a2200193Ia 4500
003 OSt
005 20260127143429.0
008 250729s2003 xx 000 0 und d
040 _cAL
041 _akan
082 _a894.814 NAGN
100 _aನಾಗರಾಜಯ್ಯ ಹಂಪ
_9227943
245 _aನಾಡೋಜ ಮಹಾಕವಿ ಪಂಪ
260 _aಬೆಂಗಳೂರು
_c2003
300 _a46p
650 _aKannada
_9227944
700 _aನಾo Digumurthi
_9227945
942 _2ddc
_cBED
999 _c237828
_d237828